Traité de l'argumentation : (Record no. 50106)
[ view plain ]
| 000 -LEADER | |
|---|---|
| fixed length control field | 00835nam a22002417a 4500 |
| 003 - CONTROL NUMBER IDENTIFIER | |
| control field | 0 |
| 005 - DATE AND TIME OF LATEST TRANSACTION | |
| control field | 20160609171039.0 |
| 008 - FIXED-LENGTH DATA ELEMENTS--GENERAL INFORMATION | |
| fixed length control field | 120611t xxu||||| |||| 00| 0 eng d |
| 020 ## - NUMERO INTERNATIONAL NORMALISE DES LIVRES | |
| International Standard Book Number | 978-2-8004-1398-3 |
| 040 ## - SOURCE DU CATALOGAGE | |
| Original cataloging agency | BUAC |
| Language of cataloging | Fre. |
| Transcribing agency | BUC |
| 041 ## - CODE DE LANGUE | |
| Language code of text/sound track or separate title | Fre. |
| 100 ## - VEDETTE PRINCIPALE - NOM DE PERSONNE | |
| Personal name | Perelman, Chaïm |
| 9 (RLIN) | 21084 |
| 245 ## - TITLE STATEMENT | |
| Title | Traité de l'argumentation : |
| Remainder of title | La nouvelle rhétorique |
| Statement of responsibility, etc | /Chaïm Perelman et Lucie Olbrechts-Tyteca ; préf de Michel Meyer |
| 250 ## - EDITION STATEMENT | |
| Edition statement | 6ème éd. |
| 260 ## - PUBLICATION, DISTRIBUTION, ETC. (IMPRINT) | |
| Place of publication, distribution, etc | Bruxelles |
| Name of publisher, distributor, etc | Editions de l'Université de Bruxelles |
| Date of publication, distribution, etc | 2008 |
| 300 ## - PHYSICAL DESCRIPTION | |
| Extent | 740p. |
| Dimensions | 22 cm. |
| 440 ## - SERIES STATEMENT/ADDED ENTRY--TITLE | |
| Title | (Fondamentaux ULB. Lire) |
| 9 (RLIN) | 21085 |
| 500 ## - GENERAL NOTE | |
| General note | Comprend : Index p. 683 - 712 ; Bibliogr. p. 713 - 736 |
| 630 ## - SUBJECT ADDED ENTRY--UNIFORM TITLE | |
| Uniform title | SCIENCES SOCIALES |
| 9 (RLIN) | 21086 |
| 650 ## - SUBJECT ADDED ENTRY--TOPICAL TERM | |
| Topical term or geographic name as entry element | Communication : théorie |
| 9 (RLIN) | 21087 |
| 700 ## - ADDED ENTRY--PERSONAL NAME | |
| Personal name | Olbrechts-Tyteca, Lucie |
| Titles and other words associated with a name | Collab. |
| 9 (RLIN) | 21088 |
| 942 ## - ADDED ENTRY ELEMENTS (KOHA) | |
| Koha item type | Livre |
| Withdrawn status | Lost status | Damaged status | Not for loan | Location (home branch) | Sublocation or collection (holding branch) | Date acquired | Source of acquisition | Koha issues (times borrowed) | Koha full call number | Piece designation (barcode) | Koha date last seen | Copy number | Price effective from | Koha item type |
|---|---|---|---|---|---|---|---|---|---|---|---|---|---|---|
| Bibliothèque Universitaire Centrale | Bibliothèque Universitaire Centrale | CRGI | 316.28 PER | 11-182Buc | 11/06/2012 | 1 | 11/06/2012 | Livre |